[Event "BLR-ch U20 Girls"]
[Site "Kobrin"]
[Date "2019.05.19"]
[Round "9"]
[White "Mitskevich, Yauheniya"]
[Black "Zeliantsova, Kseniya"]
[Result "1/2-1/2"]
[WhiteElo "1985"]
[BlackElo "2017"]
[PlyCount "62"]
[EventDate "2019.05.11"]
[EventType "tourn"]
[EventRounds "9"]
[EventCountry "BLR"]
[SourceTitle "CBM 190 Extra"]
[Source "ChessBase"]
[SourceDate "2019.07.15"]
[SourceVersion "1"]
[SourceVersionDate "2019.07.15"]
[SourceQuality "1"]

1. e4 c5 2. Nf3 e6 3. d4 cxd4 4. Nxd4 a6 5. Nc3 b5 6. a3 Qc7 7. Be2 Bb7 8. 0-0 Nf6 9. Bf3 d6 10. g3 Be7 11. Bg2 0-0 12. Be3 Nbd7 13. Nb3 Nc5 14. Nd2 Rac8 15. Qe2 Qb8 16. f4 Qa8 17. Bf2 Nfd7 18. Bf3 Bf6 19. Nd1 Na4 20. c3 e5 21. f5 Bg5 22. Be3 Bxe3+ 23. Qxe3 d5 24. exd5 Bxd5 25. Ne4 Ndc5 26. Ndf2 Nxb2 27. Nf6+ gxf6 28. Ng4 Nd7 29. Nxf6+ Nxf6 30. Qg5+ Kh8 31. Qxf6+ Kg8 1/2-1/2

[Event "BLR-ch U20 Girls"]
[Site "Kobrin"]
[Date "2019.05.15"]
[Round "5"]
[White "Staravoitava, Hanna"]
[Black "Mitskevich, Yauheniya"]
[Result "1-0"]
[WhiteElo "1733"]
[BlackElo "1985"]
[PlyCount "109"]
[EventDate "2019.05.11"]
[EventType "tourn"]
[EventRounds "9"]
[EventCountry "BLR"]
[SourceTitle "CBM 190 Extra"]
[Source "ChessBase"]
[SourceDate "2019.07.15"]
[SourceVersion "1"]
[SourceVersionDate "2019.07.15"]
[SourceQuality "1"]

1. f4 d5 2. Nf3 g6 3. e3 Bg7 4. d4 Nf6 5. Bd3 0-0 6. 0-0 b6 7. Nbd2 Bb7 8. Ne5 Nbd7 9. Qf3 e6 10. b3 c5 11. Ba3 Re8 12. Rac1 Qc7 13. c3 a5 14. Rf2 a4 15. b4 c4 16. Bb1 b5 17. g4 Re7 18. Rcf1 Ra6 19. Rg2 Ne8 20. g5 Nd6 21. Qh3 Nf5 22. Rf3 Nxe5 23. fxe5 Bxe5 24. dxe5 Qxe5 25. Nf1 Qxc3 26. Bb2 Qe1 27. Bxf5 c3 28. Bxc3 Qxc3 29. Bc2 Rc7 30. Qh4 Rc4 31. Rf4 Rac6 32. Rgf2 Rxf4 33. Qxf4 Rc7 34. Qf6 Qxf6 35. gxf6 Rc4 36. Bd3 Rg4+ 37. Ng3 h5 38. Rf4 Rg5 39. Kf2 e5 40. Rh4 Bc6 41. e4 d4 42. Nf1 Rg4 43. Rxg4 hxg4 44. Kg3 Kh7 45. Kxg4 Kh6 46. Nd2 Bd7+ 47. Kg3 Kg5 48. Nb1 Be6 49. Na3 Bxa2 50. Bxb5 Bb3 51. Bc4 Kxf6 52. Bxb3 axb3 53. Nc4 Ke6 54. Kf3 f5 55. h4 1-0

[Event "BLR-ch U20 Girls"]
[Site "Kobrin"]
[Date "2019.05.14"]
[Round "4"]
[White "Mitskevich, Yauheniya"]
[Black "Dolbieva, Ksenia"]
[Result "1/2-1/2"]
[WhiteElo "1985"]
[BlackElo "1847"]
[PlyCount "61"]
[EventDate "2019.05.11"]
[EventType "tourn"]
[EventRounds "9"]
[EventCountry "BLR"]
[SourceTitle "CBM 190 Extra"]
[Source "ChessBase"]
[SourceDate "2019.07.15"]
[SourceVersion "1"]
[SourceVersionDate "2019.07.15"]
[SourceQuality "1"]

1. e4 c5 2. Nf3 e6 3. d4 cxd4 4. Nxd4 Nc6 5. Nc3 d6 6. Be2 Be7 7. 0-0 Nf6 8. h3 0-0 9. Be3 e5 10. Nb3 Be6 11. Bf3 h6 12. Nd5 Nh7 13. Nd2 Bg5 14. c4 Ne7 15. Bxg5 Nxg5 16. Bg4 f5 17. exf5 Bxf5 18. Bxf5 Nxf5 19. f4 exf4 20. Rxf4 Ne7 21. Rxf8+ Qxf8 22. Qf1 Nxd5 23. cxd5 Qxf1+ 24. Rxf1 Rf8 25. Rxf8+ Kxf8 26. Kf2 Ke7 27. Ke3 Nh7 28. Kd4 Nf6 29. Ne4 Nxe4 30. Kxe4 Kf6 31. Kf4 1/2-1/2

[Event "BLR-ch U20 Girls"]
[Site "Kobrin"]
[Date "2019.05.12"]
[Round "2"]
[White "Mitskevich, Yauheniya"]
[Black "Ilyuchyk, Yana"]
[Result "1-0"]
[WhiteElo "1985"]
[BlackElo "2137"]
[PlyCount "113"]
[EventDate "2019.05.11"]
[EventType "tourn"]
[EventRounds "9"]
[EventCountry "BLR"]
[SourceTitle "CBM 190 Extra"]
[Source "ChessBase"]
[SourceDate "2019.07.15"]
[SourceVersion "1"]
[SourceVersionDate "2019.07.15"]
[SourceQuality "1"]

1. e4 c5 2. Nf3 Nc6 3. Bb5 g6 4. 0-0 Bg7 5. c3 Nf6 6. Re1 0-0 7. d4 d5 8. e5 Ne4 9. Nbd2 cxd4 10. cxd4 Qb6 11. Bxc6 bxc6 12. Nxe4 dxe4 13. Rxe4 Bf5 14. Re2 Rad8 15. Be3 Be4 16. Rd2 Qa5 17. a3 c5 18. b4 cxb4 19. axb4 Qxb4 20. Ne1 Qb7 21. f3 Bf5 22. Nd3 Bxd3 23. Rxd3 Rd5 24. Qa4 Rb5 25. h3 a5 26. Rc1 Qd5 27. Rdc3 Rb4 28. Qc2 Rxd4 29. Rc5 Qd7 30. Bxd4 Qxd4+ 31. Kh1 Bxe5 32. Qe4 Qxe4 33. fxe4 Bf4 34. Rd1 Ra8 35. Rcd5 Kg7 36. Ra1 a4 37. e5 a3 38. Ra2 Bc1 39. Rc5 Bb2 40. Rb5 Rd8 41. Rbxb2 axb2 42. Rxb2 Rd5 43. Re2 Kf8 44. Kh2 Ke8 45. Kg3 Kd7 46. Kf4 Rd4+ 47. Kg5 Ke6 48. g4 Rd5 49. Kh6 Rxe5 50. Rh2 f5 51. Kxh7 Kf6 52. Kh6 g5 53. h4 f4 54. Rf2 Kf7 55. hxg5 Kg8 56. Rb2 f3 57. g6 1-0

[Event "BLR-ch U20 Girls"]
[Site "Kobrin"]
[Date "2019.05.11"]
[Round "1"]
[White "Kuzich, Aryna"]
[Black "Mitskevich, Yauheniya"]
[Result "1-0"]
[WhiteElo "1800"]
[BlackElo "1985"]
[PlyCount "55"]
[EventDate "2019.05.11"]
[EventType "tourn"]
[EventRounds "9"]
[EventCountry "BLR"]
[SourceTitle "CBM 190 Extra"]
[Source "ChessBase"]
[SourceDate "2019.07.15"]
[SourceVersion "1"]
[SourceVersionDate "2019.07.15"]
[SourceQuality "1"]

1. e4 e5 2. Nf3 Nc6 3. Bc4 Bc5 4. b4 Bxb4 5. c3 Be7 6. d4 exd4 7. Qb3 Kf8 8. Bxf7 Na5 9. Qd5 c6 10. Qf5 Nf6 11. e5 d5 12. e6 Nc4 13. Nh4 Bxe6 14. Bxe6 Nd6 15. Qf3 dxc3 16. Nxc3 d4 17. Ne2 Qa5+ 18. Kf1 d3 19. Nf4 Qc3 20. Rb1 d2 21. Qxc3 d1Q+ 22. Qe1 Qxe1+ 23. Kxe1 g5 24. Nfg6+ hxg6 25. Nxg6+ Kg7 26. Nxh8 Rxh8 27. Bxg5 Re8 28. Bf4 1-0

[Event "BLR-ch U20 Girls"]
[Site "Rogachev"]
[Date "2018.05.02"]
[Round "9"]
[White "Mitskevich, Yauheniya"]
[Black "Prakapuk, Vera"]
[Result "1/2-1/2"]
[WhiteElo "2003"]
[BlackElo "1976"]
[PlyCount "63"]
[EventDate "2018.04.24"]
[EventType "tourn"]
[EventRounds "9"]
[EventCountry "BLR"]
[SourceTitle "CBM 184 Extra"]
[Source "ChessBase"]
[SourceDate "2018.06.28"]
[SourceVersion "1"]
[SourceVersionDate "2018.06.28"]
[SourceQuality "1"]

1. e4 c6 2. d4 d5 3. Nc3 g6 4. Nf3 Bg7 5. h3 Nf6 6. e5 Ne4 7. Bd3 Nxc3 8. bxc3 c5 9. Bf4 Nc6 10. Qd2 c4 11. Be2 0-0 12. Bh6 f6 13. h4 Qe8 14. Bxg7 Kxg7 15. 0-0-0 b5 16. g4 Rb8 17. g5 b4 18. h5 bxc3 19. Qxc3 Nb4 20. Qa3 Bf5 21. hxg6 hxg6 22. c3 Nc6 23. gxf6+ exf6 24. Qd6 fxe5 25. Ng5 Qd8 26. Qxd8 Rfxd8 27. Rh7+ Kf6 28. Rf7+ Kxg5 29. Rg1+ Kh6 30. Rh1+ Kg5 31. Rg1+ Kh6 32. Rh1+ 1/2-1/2

[Event "BLR-ch U20 Girls"]
[Site "Rogachev"]
[Date "2018.04.26"]
[Round "3"]
[White "Kolosovskaya, Olga"]
[Black "Mitskevich, Yauheniya"]
[Result "1/2-1/2"]
[WhiteElo "1851"]
[BlackElo "2003"]
[PlyCount "78"]
[EventDate "2018.04.24"]
[EventType "tourn"]
[EventRounds "9"]
[EventCountry "BLR"]
[SourceTitle "CBM 184 Extra"]
[Source "ChessBase"]
[SourceDate "2018.06.28"]
[SourceVersion "1"]
[SourceVersionDate "2018.06.28"]
[SourceQuality "1"]

1. d4 d5 2. c4 dxc4 3. Nf3 Nf6 4. e3 a6 5. Bxc4 e6 6. 0-0 b5 7. Bd3 Bb7 8. Qe2 Nbd7 9. Rd1 Be7 10. b3 0-0 11. Bb2 c6 12. Nc3 Rc8 13. Rac1 Qa5 14. Bb1 Ba3 15. Ne4 Nxe4 16. Bxe4 Nf6 17. Bxa3 Qxa3 18. Bb1 c5 19. dxc5 Rxc5 20. Rxc5 Qxc5 21. e4 Rc8 22. h3 g6 23. Kh2 Qh5 24. Kg1 Qh6 25. Qe1 Qf4 26. Qd2 Qxd2 27. Nxd2 Rd8 28. f3 Nh5 29. Kf2 Nf4 30. h4 e5 31. g3 Ne6 32. Ke3 Rc8 33. Kf2 a5 34. Nf1 Nd4 35. Ne3 a4 36. bxa4 bxa4 37. Ng4 Nb5 38. Bd3 Nc3 39. Rd2 Rc5 1/2-1/2

[Event "BLR-ch U20 Girls"]
[Site "Rogachev"]
[Date "2018.04.24"]
[Round "1"]
[White "Poliakova, Varvara"]
[Black "Mitskevich, Yauheniya"]
[Result "1/2-1/2"]
[WhiteElo "1832"]
[BlackElo "2003"]
[PlyCount "87"]
[EventDate "2018.04.24"]
[EventType "tourn"]
[EventRounds "9"]
[EventCountry "BLR"]
[SourceTitle "CBM 184 Extra"]
[Source "ChessBase"]
[SourceDate "2018.06.28"]
[SourceVersion "1"]
[SourceVersionDate "2018.06.28"]
[SourceQuality "1"]

1. e4 e5 2. Nf3 Nc6 3. Bc4 Bc5 4. c3 Nf6 5. d3 0-0 6. Nbd2 Be7 7. 0-0 d6 8. Bb3 h6 9. Re1 Nh7 10. Nf1 Kh8 11. Ng3 Ng5 12. Nf5 Bf6 13. Nxg5 Bxg5 14. Qh5 Bxf5 15. Bxg5 Qxg5 16. Qxg5 hxg5 17. exf5 Ne7 18. d4 f6 19. Bc2 g6 20. fxg6 Kg7 21. dxe5 dxe5 22. h4 gxh4 23. f4 Nxg6 24. Bxg6 Kxg6 25. fxe5 fxe5 26. Rxe5 Rad8 27. Rae1 Rf6 28. R5e2 Rd3 29. Kh2 b5 30. Re6 Rd2 31. R1e2 Rd5 32. R6e4 Kg5 33. Re7 Rd1 34. Rxc7 Rff1 35. g3 Rh1+ 36. Kg2 Rdg1+ 37. Kf3 Rxg3+ 38. Ke4 Kg4 39. Rxa7 Rf1 40. Rh2 Rf4+ 41. Kd5 Kf3 42. Rh7 Rgg4 43. Kc5 b4 44. Rh3+ 1/2-1/2

[Event "Agneaux St Lo op 18th"]
[Site "Agneaux"]
[Date "2017.07.13"]
[Round "7.3"]
[White "Mitskevich, Yauheniya"]
[Black "Verin, Jules"]
[Result "1-0"]
[WhiteElo "1958"]
[BlackElo "1835"]
[PlyCount "95"]
[EventDate "2017.07.08"]
[EventType "swiss"]
[EventRounds "9"]
[EventCountry "FRA"]
[SourceTitle "EXT 2020"]
[Source "ChessBase"]
[SourceDate "2019.10.17"]
[SourceVersion "1"]
[SourceVersionDate "2019.10.17"]
[SourceQuality "1"]

1. e4 c6 2. d4 d5 3. Nc3 g6 4. Be2 Bg7 5. Nf3 Bg4 6. exd5 cxd5 7. h3 Bf5 8. Bf4 Nc6 9. Ne5 f6 10. Nxc6 bxc6 11. Qd2 e5 12. g4 Bd7 13. dxe5 fxe5 14. Bg5 Ne7 15. Bh6 0-0 16. Bxg7 Kxg7 17. Qg5 e4 18. Qe5+ Kg8 19. 0-0-0 Nc8 20. Nxe4 Qe7 21. Qxe7 Nxe7 22. Nc5 Rxf2 23. Bd3 Be8 24. Rde1 Nc8 25. Rxe8+ Kf7 26. Rhe1 Rf3 27. Ba6 Nb6 28. Rxa8 Nxa8 29. Nd7 Rxh3 30. Ne5+ Kf6 31. Nxc6 Nb6 32. Nxa7 Kg5 33. Nc8 Nc4 34. Bxc4 dxc4 35. a4 c3 36. b4 Kxg4 37. a5 Rf3 38. a6 Rf8 39. Nd6 h5 40. b5 Ra8 41. Rg1+ Kf4 42. Rxg6 Ke5 43. Nb7 Kf5 44. Rc6 h4 45. Rxc3 Kg4 46. Nc5 h3 47. Rxh3 Kxh3 48. b6 1-0

[Event "BLR-ch U20 Girls"]
[Site "Minsk"]
[Date "2017.05.03"]
[Round "7"]
[White "Zeliantsova, Kseniya"]
[Black "Mitskevich, Yauheniya"]
[Result "1/2-1/2"]
[WhiteElo "1905"]
[BlackElo "1949"]
[PlyCount "137"]
[EventDate "2017.04.27"]
[EventType "tourn"]
[EventRounds "7"]
[EventCountry "BLR"]
[SourceTitle "CBM 178 Extra"]
[Source "ChessBase"]
[SourceDate "2017.06.22"]
[SourceVersion "1"]
[SourceVersionDate "2017.06.22"]
[SourceQuality "1"]

1. e4 e5 2. Nf3 Nc6 3. Bb5 a6 4. Ba4 Nf6 5. 0-0 b5 6. Bb3 Bc5 7. a4 Rb8 8. c3 d6 9. axb5 axb5 10. d4 exd4 11. cxd4 Bb6 12. h3 h6 13. Bg5 0-0 14. Bh4 Ne7 15. Bxf6 gxf6 16. Nc3 Bd7 17. Nh2 f5 18. Re1 Ng6 19. e5 dxe5 20. dxe5 Be6 21. Nd5 Qh4 22. Qc2 Bxd5 23. Bxd5 Nf4 24. Bc6 Qg5 25. Kh1 Rfd8 26. Ra3 Nh5 27. Nf3 Qf4 28. Qe2 Qc4 29. Qxc4 bxc4 30. Rf1 Nf4 31. Nh4 Rd2 32. Nxf5 Nd3 33. f4 Bc5 34. Rc3 Rbxb2 35. Rxc4 Bf8 36. Ne3 Rb4 37. Rxb4 Nxb4 38. Bf3 c5 39. Ng4 c4 40. Rc1 Rd4 41. Ne3 Nd3 42. Rxc4 Rxc4 43. Nxc4 Nxf4 44. Bg4 Bc5 45. g3 Nd3 46. Bf5 Nb4 47. Kg2 Nc6 48. Bd7 Nd4 49. Ne3 Kg7 50. Ng4 Nb3 51. Kf3 Bd4 52. Ke4 Bb2 53. Bc6 Nc5+ 54. Kd5 Ne6 55. Ne3 Bc3 56. Kd6 Bb4+ 57. Kd7 Nd4 58. Nd5 Be1 59. Nf4 Kf8 60. Nh5 Nf5 61. g4 Ne3 62. e6 fxe6 63. Kxe6 Bd2 64. Kf6 Nc4 65. Bd5 Bg5+ 66. Kg6 Ne5+ 67. Kf5 Nd3 68. Bc4 Nf2 69. Bf1 1/2-1/2

[Event "BLR-ch U20 Girls"]
[Site "Minsk"]
[Date "2017.05.02"]
[Round "6"]
[White "Mitskevich, Yauheniya"]
[Black "Prakapuk, Vera"]
[Result "1-0"]
[WhiteElo "1949"]
[BlackElo "2078"]
[PlyCount "71"]
[EventDate "2017.04.27"]
[EventType "tourn"]
[EventRounds "7"]
[EventCountry "BLR"]
[SourceTitle "CBM 178 Extra"]
[Source "ChessBase"]
[SourceDate "2017.06.22"]
[SourceVersion "1"]
[SourceVersionDate "2017.06.22"]
[SourceQuality "1"]

1. e4 c6 2. d4 d5 3. Nc3 dxe4 4. Nxe4 Bf5 5. Ng3 Bg6 6. Nf3 e6 7. h4 h6 8. h5 Bh7 9. Bd3 Bxd3 10. Qxd3 Nf6 11. Bf4 Qa5+ 12. Bd2 Bb4 13. c3 Bd6 14. Ne4 Nxe4 15. Qxe4 Nd7 16. Qc2 Nf6 17. a3 0-0-0 18. 0-0-0 Rhe8 19. Rh4 Qf5 20. c4 Ng4 21. Be1 Be7 22. Rh3 Bf6 23. Qe2 e5 24. d5 e4 25. Nd4 Bxd4 26. Rxd4 Nf6 27. Ba5 Rd7 28. Rb3 c5 29. Rd1 Qxh5 30. Qc2 Rd6 31. Rb5 Nd7 32. Qa4 b6 33. Bd2 Kb7 34. Bf4 Rf6 35. Ra5 bxa5 36. Qxd7+ 1-0

[Event "BLR-ch U20 Girls"]
[Site "Minsk"]
[Date "2017.04.28"]
[Round "2"]
[White "Mitskevich, Yauheniya"]
[Black "Malatsilava, Volha"]
[Result "0-1"]
[WhiteElo "1949"]
[BlackElo "1995"]
[PlyCount "92"]
[EventDate "2017.04.27"]
[EventType "tourn"]
[EventRounds "7"]
[EventCountry "BLR"]
[SourceTitle "CBM 178 Extra"]
[Source "ChessBase"]
[SourceDate "2017.06.22"]
[SourceVersion "1"]
[SourceVersionDate "2017.06.22"]
[SourceQuality "1"]

1. e4 c5 2. Nf3 e6 3. d4 cxd4 4. Nxd4 Nc6 5. Nc3 Qc7 6. g3 a6 7. Bg2 Nf6 8. 0-0 Be7 9. Kh1 0-0 10. a4 d6 11. f4 Bd7 12. Nb3 b6 13. Be3 Rad8 14. Rf2 Bc8 15. Rd2 Nd7 16. Qg1 Nc5 17. Rad1 Nb4 18. Nc1 Bf6 19. N1e2 Bb7 20. g4 d5 21. e5 Be7 22. Nd4 Rc8 23. Bf2 Rfd8 24. Bg3 Ne4 25. Nxe4 dxe4 26. f5 Bd5 27. Qe3 Qb7 28. c3 Nd3 29. h4 b5 30. axb5 axb5 31. g5 exf5 32. Nxf5 Bc5 33. Nd4 b4 34. Bh3 Ra8 35. Kh2 bxc3 36. bxc3 Qb6 37. h5 Ra3 38. g6 Nb2 39. gxh7+ Kxh7 40. Bf5+ Kg8 41. Rb1 Nc4 42. Qg5 Qxb1 43. Qxd8+ Bf8 44. Nc6 Qb7 45. Rxd5 Qxc6 46. Bxe4 Ra2+ 0-1

[Event "Minsk Bronstein Memorial op"]
[Site "Minsk"]
[Date "2015.02.14"]
[Round "8"]
[White "Erotski, Walerij"]
[Black "Mitskevich, Yauheniya"]
[Result "0-1"]
[WhiteElo "2110"]
[BlackElo "1768"]
[PlyCount "122"]
[EventDate "2015.02.14"]
[EventType "swiss (rapid)"]
[EventRounds "10"]
[EventCountry "BLR"]
[SourceTitle "EXT 2017"]
[Source "ChessBase"]
[SourceDate "2016.10.25"]
[SourceVersion "1"]
[SourceVersionDate "2016.10.25"]
[SourceQuality "1"]

1. e4 e5 2. Nf3 Nc6 3. d4 exd4 4. Nxd4 Nf6 5. Nc3 Bb4 6. Nxc6 bxc6 7. Bd3 d5 8. exd5 cxd5 9. 0-0 0-0 10. Bg5 c6 11. Qf3 Bd6 12. Rfe1 Be6 13. a3 h6 14. Bf4 Bg4 15. Qg3 Nh5 16. Qxg4 Nxf4 17. Rad1 a5 18. g3 Nxd3 19. Rxd3 Rb8 20. Nd1 f5 21. Qa4 Qc7 22. Rb3 Rxb3 23. Qxb3 f4 24. Qd3 fxg3 25. hxg3 Kh8 26. Qg6 Rf6 27. Re8+ Bf8 28. Qg4 Qf7 29. Qe2 Kh7 30. Ra8 Re6 31. Qd3+ g6 32. Kg2 Bg7 33. Rxa5 Re1 34. Ne3 Qb7 35. b4 d4 36. Nc4 c5+ 37. f3 Qe7 38. Rxc5 Re2+ 39. Kf1 Rh2 40. Rc6 Qg5 41. f4 Qh5 42. Ne5 Bxe5 43. fxe5 Qh3+ 44. Ke1 Rh1+ 45. Kd2 Qg2+ 46. Qe2 Qxc6 47. c4 dxc3+ 48. Kc2 Rg1 49. Qe3 Rg2+ 50. Kb3 Qd5+ 51. Ka4 Qc6+ 52. Ka5 Qc7+ 53. Kb5 c2 54. Qf3 c1Q 55. Qxg2 Qxe5+ 56. Kb6 Qcc7+ 57. Ka6 Qed6+ 58. Kb5 Qdb6+ 59. Ka4 Qa6+ 60. Kb3 Qd3+ 61. Ka4 Qa7# 0-1

[Event "EU-ch U12 Girls 24th"]
[Site "Batumi"]
[Date "2014.10.23"]
[Round "5"]
[White "Sidamonidze, Anastasia"]
[Black "Mitskevich, Yauheniya"]
[Result "1-0"]
[WhiteElo "1533"]
[BlackElo "1688"]
[PlyCount "69"]
[EventDate "2014.10.19"]
[EventType "swiss"]
[EventRounds "9"]
[EventCountry "GEO"]
[SourceTitle "EXT 2016"]
[Source "ChessBase"]
[SourceDate "2015.10.08"]
[SourceVersion "1"]
[SourceVersionDate "2015.10.08"]
[SourceQuality "1"]

1. e4 e5 2. Nf3 Nc6 3. Bc4 Bc5 4. c3 Nf6 5. d3 0-0 6. b4 Bd6 7. 0-0 a6 8. a4 Be7 9. Re1 d6 10. Nbd2 h6 11. h3 Nh7 12. Qb3 Bg5 13. Nf1 Qf6 14. Nxg5 Nxg5 15. Ng3 Be6 16. Bxg5 hxg5 17. Bxe6 fxe6 18. Ra2 g6 19. b5 Ne7 20. Re3 d5 21. exd5 Nxd5 22. Ne4 Qe7 23. Rg3 Rf5 24. bxa6 bxa6 25. Qb7 Rd8 26. Qxa6 Nf4 27. Qb5 Nh5 28. Re3 Rd5 29. Qc6 Ng7 30. a5 Rf8 31. a6 Rfd8 32. Nc5 g4 33. hxg4 e4 34. a7 Ra8 35. Rxe4 1-0

[Event "EU-ch U12 Girls 24th"]
[Site "Batumi"]
[Date "2014.10.19"]
[Round "1"]
[White "Vitharana, Annelies"]
[Black "Mitskevich, Yauheniya"]
[Result "0-1"]
[WhiteElo "1422"]
[BlackElo "1688"]
[PlyCount "92"]
[EventDate "2014.10.19"]
[EventType "swiss"]
[EventRounds "9"]
[EventCountry "GEO"]
[SourceTitle "EXT 2016"]
[Source "ChessBase"]
[SourceDate "2015.10.08"]
[SourceVersion "1"]
[SourceVersionDate "2015.10.08"]
[SourceQuality "1"]

1. e4 e5 2. Nf3 Nc6 3. d4 exd4 4. Nxd4 Bc5 5. Be3 Qf6 6. c3 Nge7 7. Bc4 Ne5 8. Bb3 d6 9. 0-0 Bd7 10. Nd2 0-0-0 11. h3 Qg6 12. Kh1 f5 13. exf5 Nxf5 14. N2f3 Nxf3 15. Qxf3 Rhf8 16. Nxf5 Bxf5 17. Qd5 Rde8 18. Rae1 Bd3 19. Rg1 Re5 20. Qxe5 dxe5 21. Bxc5 Rf5 22. Re3 e4 23. Rg3 Rg5 24. Rxg5 Qxg5 25. Be3 Qh5 26. Bd1 Be2 27. Bc2 Bg4 28. Re1 Bf5 29. Bd1 Qf7 30. b3 h6 31. f3 exf3 32. Bxf3 Bxh3 33. Bxb7+ Kxb7 34. gxh3 Qf5 35. Bd4 Qxh3+ 36. Kg1 g5 37. Re3 Qg4+ 38. Kf2 h5 39. Rg3 Qf4+ 40. Kg2 h4 41. Rf3 Qe4 42. Bf6 g4 43. Bxh4 Qxf3+ 44. Kg1 g3 45. c4 Qf2+ 46. Kh1 Qh2# 0-1

[Event "Vilnius op 2nd"]
[Site "Vilnius"]
[Date "2012.12.01"]
[Round "1"]
[White "Baltrunas, Arvydas"]
[Black "Mitskevich, Yauheniya"]
[Result "1-0"]
[WhiteElo "1996"]
[BlackElo "1552"]
[PlyCount "55"]
[EventDate "2012.12.01"]
[EventType "swiss"]
[EventRounds "9"]
[EventCountry "LTU"]
[SourceTitle "EXT 2022"]
[Source "ChessBase"]
[SourceDate "2021.10.06"]
[SourceVersion "1"]
[SourceVersionDate "2021.10.06"]
[SourceQuality "1"]

1. d4 Nf6 2. Nc3 g6 3. Bg5 Bg7 4. e4 d6 5. Bc4 0-0 6. f3 Nbd7 7. Qd2 c5 8. Nge2 a6 9. a4 cxd4 10. Nxd4 Ne5 11. Bb3 Bd7 12. 0-0 Qb6 13. Be3 Qc7 14. Qf2 b6 15. Rfd1 Rab8 16. Nde2 Bc6 17. Nf4 e6 18. Bxe6 g5 19. Nfd5 Nxd5 20. Bxd5 h6 21. h4 Bf6 22. hxg5 hxg5 23. Qg3 Qe7 24. Bxc6 Nxc6 25. Nd5 Qe5 26. Nxf6+ Qxf6 27. Rxd6 Qe5 28. Qxg5+ 1-0